|
|
|
|
| LEADER |
01425nam a2200385 a 4500 |
| 001 |
000759128 |
| 003 |
CZ BrMZK |
| 005 |
20051122133347.0 |
| 007 |
ta |
| 008 |
050112s1985 xr a erc 000 0dczeoc |
| 015 |
|
|
|a cnb000010567
|
| 035 |
|
|
|a (OCoLC)39430762
|
| 040 |
|
|
|a ABA001
|b cze
|d ABA001
|d BOA001
|
| 043 |
|
|
|a e-xr---
|
| 080 |
|
|
|a 75(437.3)
|2 MRF
|
| 080 |
|
|
|a 75.036/.038
|2 MRF
|
| 080 |
|
|
|a 741/744(437.3)
|2 MRF
|
| 080 |
|
|
|a (437.3)
|2 MRF
|
| 080 |
|
|
|a (083.824)
|2 MRF
|
| 100 |
1 |
|
|a Čechová, Olga,
|d 1925-2010
|7 jk01021167
|4 aut
|
| 245 |
1 |
0 |
|a Olga Čechová :
|b kresby : katalog výstavy, Praha 28. května - 30. června 1985 /
|c [úvod Hana Rousová ; fotografie Miroslav Jodas]
|
| 260 |
|
|
|a Praha :
|b Galerie hlavního města Prahy,
|c 1985
|
| 300 |
|
|
|a [24] s. :
|b il. ;
|c 26 cm
|
| 500 |
|
|
|a Název z obálky
|
| 600 |
1 |
7 |
|a Čechová, Olga,
|d 1925-
|7 jk01021167
|2 czenas
|
| 650 |
0 |
7 |
|a české malířství
|7 ph116864
|y 20.-21. stol.
|2 czenas
|
| 650 |
0 |
7 |
|a moderní malířství
|7 ph122940
|z Česko
|2 czenas
|
| 650 |
0 |
7 |
|a česká kresba
|7 ph116857
|y 20.-21. stol.
|2 czenas
|
| 655 |
|
7 |
|a katalogy výstav
|7 fd132536
|2 czenas
|
| 700 |
1 |
|
|a Jodas, Miroslav,
|d 1932-2013
|7 ola2003193808
|4 ill
|
| 700 |
1 |
|
|a Rousová, Hana,
|d 1944-
|7 jx20041020020
|4 wfw
|
| 910 |
|
|
|a BOA001
|b 3-1145.287
|
| 990 |
|
|
|a BK
|
| 991 |
|
|
|b 200503
|
| 996 |
6 |
|
|b 2610239379
|c 3-1145.287
|l MZK
|r Sklad / do 1 hodiny
|n 1
|p dar
|w 000759128
|u 000010
|a 1
|e BOA001
|j MZK50
|s P
|